000 00496nam a22001817a 4500
003 OSt
005 20230322044241.0
008 170510b xxu||||| |||| 00| 0 eng d
020 _a9781465272478
040 _aMMU
_beng
_cMMU
_dMMU
050 _aGN281 .S567 2015
245 _aHumans in the natural world :
_cShoshanah Jacobs ...[et al.].
260 _aDubuque :
_bKendallHunt,
_c2015
300 _a133 p.:
_bill.;
500 _aIncludes index.
650 _aHuman Story
942 _2lcc
_cLOAN LOAN
999 _c27633
_d27632